000 00598cam a22002053a 4500
001 39105
003 PGUSA
005 20140828083851.0
008 120311s2012||||xxu|||||s|||||000 | eng d
040 _aPGUSA
_beng
042 _adc
100 1 _aCooper, Thomas,
_d1805-1892
245 1 0 _aWise Saws and Modern Instances, Volume II (of 2)
_h[electronic resource] /
_cThomas Cooper
260 _bProject Gutenberg,
_c2012
506 _aPublic domain in the USA.
516 _aElectronic text
830 0 _aProject Gutenberg
_v39105
856 4 0 _uhttp://www.gutenberg.org/ebooks/39105
942 _cEB
999 _c268358
_d268358